Flags of West African Countries - Statistics

General Stats
  • This quiz has been taken 1,658 times
  • The average score is 12 of 16
Answer Stats
Picture Answer % Correct
Nigeria
97%
Liberia
91%
Niger
87%
Ivory Coast
86%
Senegal
85%
Mauritania
84%
Cape Verde
77%
Ghana
76%
Togo
75%
Sierra Leone
74%
Burkina Faso
73%
Gambia
72%
Benin
69%
Mali
65%
Guinea
64%
Guinea-Bissau
64%
No matching quizzes found
Score Distribution
Percent of People with Each Score
Percentile by Number Answered
Your Score History
You have not taken this quiz